WWE Royal Rumble 2002 Entrants Quiz - Statistics

General Stats
  • This quiz has been taken 1,010 times
  • The average score is 19 of 30
Answer Stats
EN Answer EL % Correct
22 Triple H W
97%
8 The Undertaker 10
92%
28 Kane 24
91%
19 "Stone Cold" Steve Austin 27
89%
26 Kurt Angle 29
83%
27 Big Show 23
80%
10 Jeff Hardy 8
80%
9 Matt Hardy 9
80%
13 Christian 16
74%
11 Maven 11
71%
30 Booker T 26
70%
1 Rikishi 6
70%
29 Rob Van Dam 25
65%
4 Bradshaw 3
63%
2 Goldust 4
63%
25 Mr. Perfect 28
60%
7 Billy Gunn 7
59%
21 Test 20
59%
24 Faarooq 22
56%
23 The Hurricane 21
55%
14 Diamond Dallas Page 13
47%
12 Scotty Too Hotty 12
47%
17 Albert 14
46%
6 Al Snow 5
46%
5 Lance Storm 2
45%
16 The Godfather 15
45%
20 Val Venis 19
44%
3 Big Boss Man 1
43%
18 Perry Saturn 18
42%
15 Chuck Palumbo 17
40%
No matching quizzes found
Score Distribution
Percent of People with Each Score
Percentile by Number Answered
Your Score History
You have not taken this quiz